| 000 | 00465nam a22001577a 4500 | ||
|---|---|---|---|
| 005 | 20231127100319.0 | ||
| 008 | 231127b |||||||| |||| 00| 0 eng d | ||
| 041 | _aEnglish | ||
| 082 | _a340.1 HUB | ||
| 100 | _lEnglish | ||
| 245 |
_aThe Jurisprudence of My Time / _cHuber, U |
||
| 260 |
_aDurban : _bButterworth and Company Ltd, _c1939 |
||
| 300 |
_bviii, 546 pages ; _c26 cm. |
||
| 650 |
_aLegal practice _bLaw |
||
| 942 |
_cBK _6ALISON_BN_VRIES |
||
| 999 |
_c974 _d974 |
||